[Event "Tatry op"]
[Site "Tatranske Zruby"]
[Date "2013.10.06"]
[Round "9"]
[White "Pirhala, Ladislav"]
[Black "Butora, Frantisek"]
[Result "0-1"]
[WhiteElo "1500"]
[BlackElo "1631"]
[PlyCount "50"]
[EventDate "2013.09.29"]
[EventType "swiss"]
[EventRounds "9"]
[EventCountry "SVK"]
[SourceTitle "EXT 2023"]
[Source "ChessBase"]
[SourceDate "2022.10.05"]
[SourceVersion "1"]
[SourceVersionDate "2022.10.05"]
[SourceQuality "1"]

1. e4 e5 2. Nf3 Nc6 3. Bb5 d6 4. d4 Bd7 5. d5 Nb8 6. Qd3 g6 7. Bxd7+ Nxd7 8. Be3 Be7 9. 0-0 Ngf6 10. Nbd2 Ng4 11. b4 Nxe3 12. Qxe3 0-0 13. Nb3 f5 14. exf5 Rxf5 15. c4 b6 16. a4 Nf6 17. Nfd2 Ng4 18. Qe2 Nh6 19. Ne4 Bg5 20. Rad1 Qe7 21. Qc2 Raf8 22. c5 Rf4 23. cxd6 cxd6 24. f3 Nf5 25. Qc6 Ne3 0-1

[Event "Tatry op"]
[Site "Tatranske Zruby"]
[Date "2013.09.30"]
[Round "2"]
[White "Butora, Frantisek"]
[Black "Kopnicky, Jakub"]
[Result "1/2-1/2"]
[WhiteElo "1631"]
[BlackElo "1206"]
[PlyCount "98"]
[EventDate "2013.09.29"]
[EventType "swiss"]
[EventRounds "9"]
[EventCountry "SVK"]
[SourceTitle "EXT 2023"]
[Source "ChessBase"]
[SourceDate "2022.10.05"]
[SourceVersion "1"]
[SourceVersionDate "2022.10.05"]
[SourceQuality "1"]

1. e4 e5 2. Nf3 Nf6 3. Nc3 Nc6 4. d4 d6 5. d5 Nb8 6. Be2 c6 7. Bg5 Be7 8. Bxf6 Bxf6 9. 0-0 0-0 10. h3 a6 11. a4 cxd5 12. Nxd5 Nc6 13. c3 Be6 14. Nxf6+ Qxf6 15. Qxd6 Rfd8 16. Qc5 Qe7 17. Qxe7 Nxe7 18. Nxe5 Rd2 19. Bc4 Nc6 20. Bxe6 Nxe5 21. Bd5 Rb8 22. b4 b6 23. f4 Ng6 24. Ra2 Rxa2 25. Bxa2 Rc8 26. c4 Rd8 27. c5 bxc5 28. bxc5 Rd4 29. Bd5 Rxa4 30. Bb7 a5 31. Rc1 Nxf4 32. Kf1 Ne6 33. Bd5 Nc7 34. Rb1 Rb4 35. Ra1 Rb5 36. c6 Kf8 37. Rd1 a4 38. Rd2 a3 39. Ke2 Rb2 40. Ba2 Ke7 41. Rxb2 axb2 42. Kd3 Kd6 43. Kc3 Kxc6 44. Kxb2 f6 45. Bg8 h6 46. Kc3 Kd6 47. Bh7 Ke5 48. g3 Nb5+ 49. Kd3 Nd6 1/2-1/2

[Event "SVK-ch Seniors-A"]
[Site "Tatranske Matliare"]
[Date "2011.05.??"]
[Round "9"]
[White "Longauer, Igor"]
[Black "Butora, Frantisek"]
[Result "1/2-1/2"]
[WhiteElo "1862"]
[BlackElo "1639"]
[PlyCount "81"]
[EventDate "2011.05.27"]
[EventType "swiss"]
[EventRounds "9"]
[EventCountry "SVK"]
[SourceTitle "EXT 2023"]
[Source "ChessBase"]
[SourceDate "2022.10.05"]
[SourceVersion "1"]
[SourceVersionDate "2022.10.05"]
[SourceQuality "1"]

1. e4 e5 2. f4 Nc6 3. Nf3 Qf6 4. fxe5 Nxe5 5. Be2 Nxf3+ 6. Bxf3 Bc5 7. c3 a6 8. d4 Ba7 9. Be3 Ne7 10. 0-0 0-0 11. Nd2 d6 12. Qb3 Qg6 13. Rae1 Rb8 14. Bf2 Be6 15. d5 Bxf2+ 16. Rxf2 Bd7 17. Qc4 c6 18. b4 b5 19. Qe2 Qg5 20. Qd3 cxd5 21. exd5 Ng6 22. Ne4 Ne5 23. Qe2 Nxf3+ 24. Qxf3 Qg6 25. Qf4 Rbe8 26. Rfe2 Re5 27. Nxd6 Rxe2 28. Rxe2 Qd3 29. Qe5 Bg4 30. Re1 h6 31. h3 Bd7 32. Qe7 Bxh3 33. Re3 Qd1+ 34. Kh2 Bg4 35. Nxf7 Rxf7 36. Qd8+ Kh7 37. Re8 Bd7 38. Rh8+ Kg6 39. Qa8 Qh5+ 40. Kg1 Qd1+ 41. Kh2 1/2-1/2

[Event "SVK-ch Seniors-A"]
[Site "Tatranske Matliare"]
[Date "2011.05.??"]
[Round "6"]
[White "Sajtlava, Igor"]
[Black "Butora, Frantisek"]
[Result "1/2-1/2"]
[WhiteElo "1904"]
[BlackElo "1639"]
[PlyCount "44"]
[EventDate "2011.05.27"]
[EventType "swiss"]
[EventRounds "9"]
[EventCountry "SVK"]
[SourceTitle "EXT 2023"]
[Source "ChessBase"]
[SourceDate "2022.10.05"]
[SourceVersion "1"]
[SourceVersionDate "2022.10.05"]
[SourceQuality "1"]

1. c4 Nf6 2. Nf3 c6 3. Nc3 g6 4. d4 Qa5 5. Bd2 Qc7 6. g3 Bg7 7. Bg2 0-0 8. 0-0 d6 9. Re1 Nbd7 10. e4 e5 11. d5 Nb6 12. b3 a5 13. h3 Bd7 14. a4 Qc8 15. Kh1 Be8 16. Be3 c5 17. Qd2 Nh5 18. Bh6 f5 19. Bxg7 Nxg7 20. Qh6 Nd7 21. Nb5 Ra6 22. Qd2 f4 1/2-1/2

[Event "SVK-ch Seniors-A"]
[Site "Tatranske Matliare"]
[Date "2009.??.??"]
[Round "1"]
[White "Butora, Frantisek"]
[Black "Mihalik, Anton"]
[Result "1/2-1/2"]
[WhiteElo "1692"]
[BlackElo "1965"]
[PlyCount "45"]
[EventDate "2009.05.31"]
[EventType "swiss"]
[EventRounds "9"]
[EventCountry "SVK"]
[SourceTitle "EXT 2023"]
[Source "ChessBase"]
[SourceDate "2022.10.05"]
[SourceVersion "1"]
[SourceVersionDate "2022.10.05"]
[SourceQuality "1"]

1. e4 c5 2. c3 d5 3. exd5 Qxd5 4. Qf3 Qxf3 5. Nxf3 Nc6 6. Bb5 Bd7 7. 0-0 e6 8. d3 Nf6 9. Bxc6 Bxc6 10. Ne5 Bb5 11. c4 Ba6 12. Nd2 b6 13. Ndf3 Bb7 14. h3 Rd8 15. Ng5 Rc8 16. Ngxf7 Rg8 17. Ng5 Ke7 18. Ngf3 h6 19. Ng6+ Kd6 20. Bf4+ Kd7 21. Nfe5+ Ke8 22. Nxf8 Kxf8 23. Rfe1 1/2-1/2